| 000 | 00516nam a2200181 4500 | ||
|---|---|---|---|
| 001 | 126089 | ||
| 003 | ES-MaACL | ||
| 005 | 20250904063058.0 | ||
| 007 | t| | ||
| 008 | 070214s1913 fr r ||||1| fre d | ||
| 100 | 1 |
_9242211 _aReinach, Salomon, _d1858-1932 _eaut |
|
| 245 | 1 | 0 |
_aRépertoire de l'art quaternaire / _cSalomon Reinach. |
| 260 |
_aParis : _bErnest Leroux, _c1913. |
||
| 300 |
_aXXXVIII, 205 p., 95 lám. ; _c19 cm. |
||
| 852 |
_aES-MaACL _jF-404 |
||
| 942 | _2udc | ||
| 999 |
_c126089 _d126089 |
||